Baśnie /
Պահպանված է:
| Հիմնական հեղինակ: | |
|---|---|
| Համատեղ հեղինակ: | |
| Այլ հեղինակներ: | , , |
| Ձևաչափ: | Գիրք |
| Լեզու: | լեհերեն |
| Հրապարակվել է: |
Poznań :
Wydaw. Poznańskie,
1988
|
| Հրատարակություն: | [Wyd. 9]. |
| Ցուցիչներ: |
Չկան պիտակներ, Եղեք առաջինը, ով նշում է այս գրառումը!
|
MARC
| LEADER | 00000nam a2200000 i 4500 | ||
|---|---|---|---|
| 001 | 991003249319705066 | ||
| 005 | 20260515140228.0 | ||
| 008 | 971113s1988 pl a |000 j pol | ||
| 020 | |a 8321007929 | ||
| 035 | |a 991003249319705066 | ||
| 035 | |a (PL-WaBN)b1087317x-48omnis_nlop | ||
| 035 | |a b1087317x | ||
| 035 | |a (OCoLC)749592050 | ||
| 035 | |a zz2006789746 | ||
| 035 | |a (PL)b0000001087317 | ||
| 035 | |a (EXLNZ-48OMNIS_NETWORK)9910131274905606 | ||
| 040 | |a WA N |c WA N | ||
| 041 | 1 | |a pol | |
| 080 | |a 839.8-93 | ||
| 090 | |c 119 |d 118 | ||
| 100 | 1 | |a Andersen, Hans Christian |d (1805-1875) | |
| 240 | 1 | 0 | |a Eventyr og historier |l (pol.) |
| 245 | 1 | 0 | |a Baśnie / |c Hans Christian Andersen ; przeł. [z niem.] Stefania Beylin, Jarosław Iwaszkiewicz ; [oprac. graf. Bogusław Orliński]. |
| 250 | |a [Wyd. 9]. | ||
| 260 | |a Poznań : |b Wydaw. Poznańskie, |c 1988 |e (Szczec. : |f SZG). | ||
| 300 | |a 429, [3] s., [7] k. tabl. kolor. : |b il. ; |c 24 cm. | ||
| 700 | 1 | |a Beylin, Stefania |d (1906-1989) |e Tłumaczenie | |
| 700 | 1 | |a Iwaszkiewicz, Jarosław |d (1894-1980) |e Tłumaczenie | |
| 700 | 1 | |a Orliński, Bogusław |d (1941- ) |e Il. | |
| 710 | 2 | |a Wydawnictwo Poznańskie | |
| 920 | |a 83-210-0792-9 | ||
| 942 | |c K | ||
| 952 | |0 0 |1 0 |4 0 |6 R__3_000000000000000 |7 0 |9 111 |a RYT |b RYT |d 2026-05-12 |e 1/2026 |g 10.00 |l 0 |o R.3 |p 2000000000039 |r 2026-05-15 14:02:28 |w 2026-05-15 |y BK |z da | ||
| 999 | |c 111 |d 111 | ||